[Event "chess.com SpeedChess 2023"]
[Site "chess.com INT"]
[Date "2023.09.05"]
[Round "1.24"]
[White "Aronian, Levon"]
[Black "So, Wesley"]
[Result "1-0"]
[WhiteTitle "GM"]
[BlackTitle "GM"]
[WhiteElo "2742"]
[BlackElo "2753"]
[WhiteFideId "13300474"]
[BlackFideId "5202213"]
[EventDate "2023.09.04"]
[EventType "k.o."]

1. e4 c6 2. d4 d5 3. exd5 cxd5 4. Nf3 Nc6 5. c4 Nf6 6. Nc3 g6 7. c5 Bg4 8. Bb5
Bg7 9. O-O O-O 10. Be3 Ne4 11. Ne2 Bxf3 12. gxf3 Nf6 13. Rc1 Rc8 14. Qb3 a6 15.
Bd3 Qd7 16. Rfd1 e5 17. dxe5 Nxe5 18. Nd4 Nh5 19. Bf1 Nc6 20. Ne2 d4 21. Ng3 Nf6
22. Bg5 h6 23. Bf4 Rfe8 24. Qc4 Ne5 25. Bxe5 Rxe5 26. Rxd4 Qe7 27. b4 Nh5 28.
Rcd1 Rc7 29. Rd6 Kh7 30. a3 a5 31. Qb5 axb4 32. axb4 Nf4 33. Qc4 Ne6 34. f4 Rf5
35. Nxf5 gxf5 36. Bh3 Qf6 37. Qd5 Qh4 38. Bxf5+ Kh8 39. Bxe6 fxe6 40. Rd8+ Kh7
41. Qe4# 1-0

[Event "chess.com SpeedChess 2023"]
[Site "chess.com INT"]
[Date "2023.09.05"]
[Round "1.25"]
[White "So, Wesley"]
[Black "Aronian, Levon"]
[Result "1-0"]
[WhiteTitle "GM"]
[BlackTitle "GM"]
[WhiteElo "2753"]
[BlackElo "2742"]
[WhiteFideId "5202213"]
[BlackFideId "13300474"]
[EventDate "2023.09.04"]
[EventType "k.o."]

1. e4 c5 2. Nf3 e6 3. d4 cxd4 4. Nxd4 Nc6 5. Nc3 Qc7 6. g3 a6 7. Bg2 Nf6 8. O-O
Nxd4 9. Qxd4 Bc5 10. Bf4 d6 11. Qd2 h6 12. Rad1 e5 13. Be3 Bxe3 14. Qxe3 Be6 15.
Rd2 O-O 16. Rfd1 Rfd8 17. a3 Rac8 18. h3 b5 19. f4 Kf8 20. fxe5 dxe5 21. Rxd8+
Rxd8 22. Rxd8+ Qxd8 23. Qc5+ Kg8 24. Qxe5 Qd2 25. Nd5 Bxd5 26. exd5 Qxc2 27. d6
Qc8 28. Qe7 a5 29. Kh2 b4 30. axb4 axb4 31. Qe5 b3 32. Qd4 Qe6 33. Bc6 Qe2+ 34.
Bg2 Qe6 35. Bf3 h5 36. Bd1 Qe1 37. Bf3 Qe6 38. h4 Qf5 39. Kg2 Qe6 40. Qd3 g6 41.
Qd4 Kg7 42. Qd3 Qe5 43. Qd2 Nd7 44. Bd1 Nc5 45. Bf3 Kf6 46. d7 Nxd7 47. Qxd7
Qxb2+ 48. Kh3 Qc3 49. Bd5 Ke5 50. Qxf7 Qc1 51. Qe6+ Kd4 52. Qe4+ Kc5 53. Bxb3
Qf1+ 54. Qg2 Qf5+ 55. Kh2 Kd4 56. Bc2 Qe6 57. Qd2+ Kc5 58. Qf2+ Kc4 59. Bb1 Kc3
60. Qc2+ Kb4 61. Qe4+ 1-0

[Event "chess.com SpeedChess 2023"]
[Site "chess.com INT"]
[Date "2023.09.05"]
[Round "1.26"]
[White "Aronian, Levon"]
[Black "So, Wesley"]
[Result "1-0"]
[WhiteTitle "GM"]
[BlackTitle "GM"]
[WhiteElo "2742"]
[BlackElo "2753"]
[WhiteFideId "13300474"]
[BlackFideId "5202213"]
[EventDate "2023.09.04"]
[EventType "k.o."]

1. e4 c5 2. Nf3 d6 3. c3 Nf6 4. Bc4 Nc6 5. d3 e6 6. Bb3 Be7 7. O-O O-O 8. Re1 b5
9. d4 Bb7 10. Bg5 h6 11. Bh4 cxd4 12. cxd4 Rc8 13. Nc3 b4 14. Na4 Na5 15. Bc2 g6
16. Rc1 Qd7 17. b3 Kg7 18. Qd2 Nc6 19. d5 exd5 20. exd5 Ne5 21. Nxe5 dxe5 22.
Rxe5 Rfe8 23. Rce1 Nxd5 24. Bxe7 Qg4 25. Be4 Rcd8 26. Bxd5 Rxe7 27. f3 Rxd5 28.
Rxd5 Rxe1+ 29. Qxe1 Qf4 30. Qe5+ Qf6 31. Qxf6+ Kxf6 32. Rd6+ Ke5 33. Rd7 Bc6 34.
Rxa7 f5 35. Nb2 Kd4 36. Rc7 Bd5 37. Nc4 Kc3 38. Nb6+ Kb2 39. Nxd5 Kxa2 40. Nxb4+
Kxb3 41. Nd5 g5 42. Kf2 f4 43. Ke2 Kb2 44. Kd3 Kb3 45. Rb7+ Ka4 46. Kc4 Ka3 47.
Nc3 g4 48. Rb3# 1-0

[Event "chess.com SpeedChess 2023"]
[Site "chess.com INT"]
[Date "2023.09.05"]
[Round "1.27"]
[White "So, Wesley"]
[Black "Aronian, Levon"]
[Result "1/2-1/2"]
[WhiteTitle "GM"]
[BlackTitle "GM"]
[WhiteElo "2753"]
[BlackElo "2742"]
[WhiteFideId "5202213"]
[BlackFideId "13300474"]
[EventDate "2023.09.04"]
[EventType "k.o."]

1. d4 Nf6 2. Nf3 g6 3. c4 Bg7 4. Nc3 O-O 5. e4 d6 6. h3 Nc6 7. Be3 e5 8. d5 Nd4
9. Nxd4 exd4 10. Bxd4 Re8 11. Be2 Nxe4 12. Bxg7 Kxg7 13. Qd4+ Qf6 14. Qxf6+ Kxf6
15. Nxe4+ Rxe4 16. Kd2 Bd7 17. Bd3 Re5 18. Rae1 Rae8 19. Rxe5 Rxe5 20. h4 Bf5
21. Be2 a5 22. b3 h5 23. g3 Re4 24. Re1 b6 25. f3 Re7 26. f4 Re4 27. a3 Rd4+ 28.
Kc3 Re4 29. Kd2 Rd4+ 30. Kc3 Re4 31. Kd2 1/2-1/2

[Event "chess.com SpeedChess 2023"]
[Site "chess.com INT"]
[Date "2023.09.05"]
[Round "1.28"]
[White "Aronian, Levon"]
[Black "So, Wesley"]
[Result "1/2-1/2"]
[WhiteTitle "GM"]
[BlackTitle "GM"]
[WhiteElo "2742"]
[BlackElo "2753"]
[WhiteFideId "13300474"]
[BlackFideId "5202213"]
[EventDate "2023.09.04"]
[EventType "k.o."]

1. e4 e5 2. Nf3 Nf6 3. Nc3 Bb4 4. Nxe5 O-O 5. Nd3 Bxc3 6. dxc3 Nxe4 7. Be2 d6 8.
O-O Re8 9. f3 Nf6 10. c4 Nbd7 11. Nf4 b6 12. b3 a5 13. a4 Ne5 14. Bb2 Ng6 15.
Nxg6 hxg6 16. Qd2 Qe7 17. Rf2 Qe3 18. Qd1 Bf5 19. Bf1 Kf8 20. Bd4 Qe7 21. Qd2
Qd7 22. Qc3 Qe7 23. Re2 Qd8 24. Rae1 Rxe2 25. Rxe2 c5 26. Bf2 Qd7 27. Bh4 Re8
28. Bxf6 gxf6 29. g4 Rxe2 30. Bxe2 Qe7 31. gxf5 Qxe2 32. fxg6 Kg7 33. gxf7 Kxf7
34. Qd3 Qe5 35. Qh7+ Kf8 36. Qd3 Qg5+ 37. Kf1 Qf4 38. Qe2 Kf7 39. Qf2 f5 40. h4
Kf6 41. Kg2 Qc1 42. Kh2 Kg6 43. Qg2+ Kh5 44. Kh3 Qe3 45. Qg3 Qc1 46. Qg2 Qf4 47.
Qf2 Qc1 48. Qe2 Qh1+ 49. Kg3 Qxh4+ 50. Kg2 Qg5+ 51. Kf2 Qh4+ 52. Kg2 Qg5+ 53.
Kh3 Qh4+ 54. Kg2 1/2-1/2

[Event "chess.com SpeedChess 2023"]
[Site "chess.com INT"]
[Date "2023.09.06"]
[Round "1.1"]
[White "Nihal, Sarin"]
[Black "Sarana, Alexey"]
[Result "0-1"]
[WhiteTitle "GM"]
[BlackTitle "GM"]
[WhiteElo "2694"]
[BlackElo "2693"]
[WhiteFideId "25092340"]
[BlackFideId "24133795"]
[EventDate "2023.09.04"]
[EventType "k.o."]

1. Nf3 d5 2. b3 c5 3. e3 Nc6 4. Bb2 a6 5. d4 Nf6 6. dxc5 e6 7. a3 Bxc5 8. Nbd2
O-O 9. Be2 b5 10. O-O Bb7 11. c4 bxc4 12. bxc4 dxc4 13. Qc2 h6 14. Nxc4 Qe7 15.
Rfd1 Rfc8 16. Rac1 Rc7 17. Qa4 Nd5 18. Nce5 Nxe3 19. fxe3 Bxe3+ 20. Kf1 Bxc1 21.
Rxc1 Nxe5 22. Rxc7 Qxc7 23. Bxe5 Qc1+ 24. Kf2 Bxf3 25. gxf3 Rd8 26. Bf4 Qc5+ 27.
Be3 Qd6 28. Qh4 Rc8 29. Qg3 Qxa3 30. Bxh6 Qb2 31. Kf1 Qa1+ 32. Kf2 Qb2 33. Kf1
Rc2 34. Bxg7 Rc1+ 35. Kf2 Qxg7 36. Qb8+ Kh7 37. Bd3+ f5 0-1

[Event "chess.com SpeedChess 2023"]
[Site "chess.com INT"]
[Date "2023.09.06"]
[Round "1.2"]
[White "Sarana, Alexey"]
[Black "Nihal, Sarin"]
[Result "1-0"]
[WhiteTitle "GM"]
[BlackTitle "GM"]
[WhiteElo "2693"]
[BlackElo "2694"]
[WhiteFideId "24133795"]
[BlackFideId "25092340"]
[EventDate "2023.09.04"]
[EventType "k.o."]

1. d4 d5 2. c4 e6 3. Nc3 h6 4. cxd5 exd5 5. Bf4 c6 6. e3 Bf5 7. Nge2 Bd6 8. Ng3
Bg6 9. Bd3 Bxf4 10. exf4 Bxd3 11. Qxd3 Nf6 12. Qe3+ Qe7 13. Nf5 Qxe3+ 14. fxe3
O-O 15. h3 Nbd7 16. g4 Nb6 17. Kf2 Rfe8 18. b3 Rad8 19. Rhg1 Nc8 20. g5 hxg5 21.
Rxg5 g6 22. Rag1 Kf8 23. Ng3 Nd6 24. Kf3 Re7 25. h4 Rde8 26. Re5 Nd7 27. Rxe7
Kxe7 28. h5 gxh5 29. Nxh5 Nf6 30. Ng3 b5 31. Rc1 Rh8 32. Rh1 Rxh1 33. Nxh1 Nfe4
34. Nd1 a5 35. Nhf2 b4 36. Nd3 f6 37. N3b2 Nb5 38. Na4 Ke6 39. Ke2 Kf5 40. Kd3
Kg4 41. Nb6 Kf3 42. Nd7 Nbc3 43. Nxc3 bxc3 44. Nb8 c2 45. Kxc2 Kxe3 46. Nxc6
Kxf4 47. Nxa5 Ke3 48. Nc6 f5 49. a4 f4 50. Ne5 Kxd4 51. a5 Nc5 52. Nc6+ Ke3 53.
b4 Nd7 54. a6 f3 55. a7 Nb6 56. Ne5 f2 57. Ng4+ Ke2 58. Nxf2 Kxf2 59. Kd3 Na8
60. Kd4 Ke2 61. Kxd5 Kd3 62. Kc6 Kc4 63. Kb7 1-0

[Event "chess.com SpeedChess 2023"]
[Site "chess.com INT"]
[Date "2023.09.06"]
[Round "1.3"]
[White "Nihal, Sarin"]
[Black "Sarana, Alexey"]
[Result "1-0"]
[WhiteTitle "GM"]
[BlackTitle "GM"]
[WhiteElo "2694"]
[BlackElo "2693"]
[WhiteFideId "25092340"]
[BlackFideId "24133795"]
[EventDate "2023.09.04"]
[EventType "k.o."]

1. Nf3 d5 2. b3 c5 3. e3 Nc6 4. Bb2 a6 5. d4 Nf6 6. Nbd2 Bg4 7. Be2 e6 8. O-O
cxd4 9. Nxd4 Bxe2 10. Qxe2 Bb4 11. Nxc6 bxc6 12. Rfd1 O-O 13. c4 Qe7 14. Nf3
Rfc8 15. h3 Ne4 16. Rac1 Ba3 17. Ne5 a5 18. Bxa3 Qxa3 19. Qc2 h6 20. cxd5 cxd5
21. Qxc8+ Rxc8 22. Rxc8+ Kh7 23. Nxf7 Qb2 24. Rf1 Nd2 25. Rfc1 Ne4 26. R1c2 Qf6
27. Rh8+ Kg6 28. Rf8 Kh7 29. f4 Ng3 30. Ng5+ 1-0

[Event "chess.com SpeedChess 2023"]
[Site "chess.com INT"]
[Date "2023.09.06"]
[Round "1.4"]
[White "Sarana, Alexey"]
[Black "Nihal, Sarin"]
[Result "0-1"]
[WhiteTitle "GM"]
[BlackTitle "GM"]
[WhiteElo "2693"]
[BlackElo "2694"]
[WhiteFideId "24133795"]
[BlackFideId "25092340"]
[EventDate "2023.09.04"]
[EventType "k.o."]

1. d4 d5 2. c4 e6 3. Nc3 h6 4. Nf3 Nf6 5. cxd5 exd5 6. Bf4 c6 7. Qc2 g6 8. e3
Bf5 9. Bd3 Bxd3 10. Qxd3 Nbd7 11. O-O Bg7 12. Bd6 Nb6 13. Bc5 Nbd7 14. Ba3 Bf8
15. Bxf8 Kxf8 16. Ne5 Kg7 17. f4 Re8 18. Rf3 Nf8 19. Raf1 Qb6 20. b3 a5 21. g4
N6d7 22. h4 Qd8 23. g5 hxg5 24. hxg5 Ne6 25. Ne2 Nxe5 26. dxe5 Rh8 27. Nd4 Rh4
28. Rg3 Qh8 29. Nf3 Rh3 30. Kg2 Rxg3+ 31. Kxg3 Qh5 32. f5 Nxg5 33. f6+ Kg8 0-1

[Event "chess.com SpeedChess 2023"]
[Site "chess.com INT"]
[Date "2023.09.06"]
[Round "1.5"]
[White "Nihal, Sarin"]
[Black "Sarana, Alexey"]
[Result "1-0"]
[WhiteTitle "GM"]
[BlackTitle "GM"]
[WhiteElo "2694"]
[BlackElo "2693"]
[WhiteFideId "25092340"]
[BlackFideId "24133795"]
[EventDate "2023.09.04"]
[EventType "k.o."]

1. d4 Nf6 2. Nf3 d5 3. Bf4 e6 4. e3 Bd6 5. Nbd2 O-O 6. c3 c5 7. Bd3 b6 8. Bxd6
Qxd6 9. Ne5 Ba6 10. Bc2 Nfd7 11. f4 f5 12. Qh5 cxd4 13. exd4 Nc6 14. Nxd7 Qxd7
15. Nf3 Rac8 16. a3 Qd6 17. g3 Bc4 18. Kf2 Rf6 19. Ne5 Ba6 20. Rad1 Qc7 21. Nxc6
Qxc6 22. Qf3 Qb5 23. Rb1 Kh8 24. Rhe1 Rg8 25. h4 g6 26. Re3 Qd7 27. Rbe1 h5 28.
Re5 Kg7 29. Qe3 Kf7 30. Bb3 Bb7 31. c4 dxc4 32. Bxc4 Qc6 33. Bd5 exd5 34. Re7+
Kf8 35. Qe5 Bc8 36. Rc7 Qd6 37. Qe8# 1-0

[Event "chess.com SpeedChess 2023"]
[Site "chess.com INT"]
[Date "2023.09.06"]
[Round "1.6"]
[White "Sarana, Alexey"]
[Black "Nihal, Sarin"]
[Result "1/2-1/2"]
[WhiteTitle "GM"]
[BlackTitle "GM"]
[WhiteElo "2693"]
[BlackElo "2694"]
[WhiteFideId "24133795"]
[BlackFideId "25092340"]
[EventDate "2023.09.04"]
[EventType "k.o."]

1. d4 e6 2. c4 b6 3. a3 Bb7 4. Nc3 Nf6 5. d5 g6 6. e4 d6 7. Bd3 Bg7 8. Nge2 O-O
9. O-O Nbd7 10. f4 Re8 11. Ng3 h5 12. dxe6 Rxe6 13. f5 Re8 14. Bg5 Qe7 15. Kh1
Qe5 16. Bf4 Qe7 17. Bg5 Qe5 18. Bf4 Qe7 19. Bg5 1/2-1/2

[Event "chess.com SpeedChess 2023"]
[Site "chess.com INT"]
[Date "2023.09.06"]
[Round "1.7"]
[White "Nihal, Sarin"]
[Black "Sarana, Alexey"]
[Result "1/2-1/2"]
[WhiteTitle "GM"]
[BlackTitle "GM"]
[WhiteElo "2694"]
[BlackElo "2693"]
[WhiteFideId "25092340"]
[BlackFideId "24133795"]
[EventDate "2023.09.04"]
[EventType "k.o."]

1. d4 Nf6 2. Nf3 d5 3. c3 e6 4. Bf4 Bd6 5. e3 O-O 6. Nbd2 c5 7. Bd3 Bxf4 8. exf4
cxd4 9. Nxd4 b6 10. Qe2 a5 11. O-O Ba6 12. Bxa6 Nxa6 13. N2f3 Nc5 14. Rad1 Qc7
15. f5 Rfe8 16. fxe6 Nxe6 17. Qc2 Nxd4 18. Nxd4 Re5 19. Rfe1 Rae8 20. Rxe5 Qxe5
21. h3 h6 22. Nf3 Qe4 23. Qd2 Qe2 24. Re1 Qxd2 25. Rxe8+ Nxe8 26. Nxd2 Kf8 27.
Kf1 Ke7 28. Ke2 Kd6 29. Kd3 Nc7 30. b4 Ne6 31. g3 Kc6 32. a4 b5 33. axb5+ Kxb5
34. bxa5 Kxa5 35. c4 dxc4+ 36. Nxc4+ Kb4 37. Nd6 f6 38. Ne8 Kc5 39. Ke4 Ng5+ 40.
Ke3 Ne6 41. Ke4 Ng5+ 42. Kf4 Nxh3+ 43. Ke3 g6 44. Nxf6 Kd6 45. f4 g5 46. fxg5
Nxg5 47. Ng4 Ke6 48. Nxh6 Kf6 49. Nf5 Kxf5 50. g4+ Kxg4 1/2-1/2

[Event "chess.com SpeedChess 2023"]
[Site "chess.com INT"]
[Date "2023.09.06"]
[Round "1.8"]
[White "Sarana, Alexey"]
[Black "Nihal, Sarin"]
[Result "0-1"]
[WhiteTitle "GM"]
[BlackTitle "GM"]
[WhiteElo "2693"]
[BlackElo "2694"]
[WhiteFideId "24133795"]
[BlackFideId "25092340"]
[EventDate "2023.09.04"]
[EventType "k.o."]

1. d4 Nf6 2. c4 e6 3. Nc3 Bb4 4. e3 b6 5. Bd3 Bb7 6. Nf3 O-O 7. O-O Bxc3 8. bxc3
d6 9. Nd2 d5 10. cxd5 exd5 11. c4 c5 12. dxc5 bxc5 13. Rb1 Qc7 14. cxd5 Bxd5 15.
Qc2 Nbd7 16. e4 Be6 17. f3 Ne5 18. Be2 Rfd8 19. Bb2 Ng6 20. Rfc1 Rac8 21. Ba6
Rb8 22. Bf1 h5 23. Bxf6 gxf6 24. Rxb8 Qxb8 25. Nb3 c4 26. Bxc4 Rc8 27. Nd2 Ne5
28. Qb3 Qc7 29. f4 Nxc4 30. f5 Qc5+ 31. Kh1 Qd4 32. Nf3 Qxe4 33. fxe6 Qxe6 34.
Nd4 Qd5 35. Qg3+ Kf8 36. Nf3 Nd6 37. Rxc8+ Nxc8 38. h3 Nd6 39. Qf4 Kg7 40. Qg3+
Kf8 41. Qf4 Qe6 42. Qd4 a6 43. Qb6 Nf5 44. Qb8+ Kg7 45. Qf4 Nd6 46. a4 Ne4 47.
Qb8 Qd5 48. Qf4 Ng5 49. Qg3 Kf8 50. Nh4 Qe5 51. Qf2 Ne4 52. Qf3 Ng3+ 53. Kg1
Ne2+ 54. Kf2 Nd4 55. Qe3 Ne6 56. Qh6+ Ke7 57. Nf3 Qb2+ 58. Kg3 Qb8+ 59. Kf2 Qb6+
60. Kg3 Qc7+ 61. Kf2 Qc5+ 62. Kg3 a5 63. Qd2 Kf8 64. Kh2 Qc7+ 65. Kh1 Kg7 66.
Kg1 Qc5+ 67. Kh1 Ng5 68. Nh4 Ne4 69. Qf4 Qe5 70. Nf5+ Kg6 71. Nh4+ Kh7 72. Qf3
Ng3+ 73. Kg1 Qe1+ 74. Kh2 Nf1+ 75. Kg1 Nd2+ 76. Kh2 Nxf3+ 0-1

[Event "chess.com SpeedChess 2023"]
[Site "chess.com INT"]
[Date "2023.09.06"]
[Round "1.9"]
[White "Nihal, Sarin"]
[Black "Sarana, Alexey"]
[Result "1-0"]
[WhiteTitle "GM"]
[BlackTitle "GM"]
[WhiteElo "2694"]
[BlackElo "2693"]
[WhiteFideId "25092340"]
[BlackFideId "24133795"]
[EventDate "2023.09.04"]
[EventType "k.o."]

1. d4 d5 2. Nf3 Nf6 3. c3 Bf5 4. Qb3 Qc8 5. c4 e6 6. cxd5 exd5 7. Nc3 c6 8. Bf4
Be7 9. e3 O-O 10. h3 Nbd7 11. Rc1 Nb6 12. Be2 Ne4 13. O-O Nxc3 14. bxc3 Be6 15.
Nd2 Bd8 16. a4 Bc7 17. Bxc7 Qxc7 18. a5 Nd7 19. Qb4 b6 20. axb6 axb6 21. c4 c5
22. cxd5 Bxd5 23. Bf3 Qd6 24. dxc5 bxc5 25. Qc3 Rfc8 26. Qd3 Ne5 27. Qxd5 Nxf3+
28. Qxf3 Qxd2 29. Rxc5 g6 30. Rd5 Qb2 31. Rd7 Qb3 32. Rfd1 Rf8 33. g4 Rae8 34.
Kg2 Qc4 35. R1d4 Qe6 36. h4 Re7 37. R7d6 Qe5 38. h5 Re6 39. Rxe6 fxe6 40. Rf4
Rxf4 41. exf4 Qc7 42. Qa8+ Kg7 43. Qa1+ Kg8 44. h6 Qb7+ 45. Kg3 Qe7 46. Qa8+ Qf8
47. Qxf8+ Kxf8 48. Kf3 Ke7 49. Ke4 Kd6 50. Kd4 Kd7 51. Ke5 Ke7 52. g5 Kd7 53.
Kf6 Kd6 54. Kg7 Ke7 55. Kxh7 Kf7 56. f3 1-0

[Event "chess.com SpeedChess 2023"]
[Site "chess.com INT"]
[Date "2023.09.06"]
[Round "1.10"]
[White "Sarana, Alexey"]
[Black "Nihal, Sarin"]
[Result "1/2-1/2"]
[WhiteTitle "GM"]
[BlackTitle "GM"]
[WhiteElo "2693"]
[BlackElo "2694"]
[WhiteFideId "24133795"]
[BlackFideId "25092340"]
[EventDate "2023.09.04"]
[EventType "k.o."]

1. d4 d5 2. c4 c6 3. Nc3 Nf6 4. Nf3 e6 5. e3 Nbd7 6. Qc2 Be7 7. Be2 O-O 8. O-O
b6 9. e4 dxe4 10. Nxe4 Bb7 11. Rd1 Nxe4 12. Qxe4 Nf6 13. Qc2 Qc7 14. c5 a5 15.
Bg5 Ba6 16. cxb6 Qxb6 17. Ne5 Bxe2 18. Qxe2 Qb5 19. Qf3 Nd5 20. Bxe7 Nxe7 21. b3
a4 22. Rac1 axb3 23. axb3 Ra3 24. Rd3 Qd5 25. g4 Qxf3 26. Rxf3 Ra6 27. Rc4 Ng6
28. Nxg6 hxg6 29. Kg2 Rb8 30. Rfc3 Rab6 31. Rxc6 Rxc6 32. Rxc6 Rxb3 33. Rc8+ Kh7
34. Rc7 Kg8 35. Rc8+ Kh7 36. Rc7 Kg8 37. Rc8+ 1/2-1/2

[Event "chess.com SpeedChess 2023"]
[Site "chess.com INT"]
[Date "2023.09.06"]
[Round "1.11"]
[White "Nihal, Sarin"]
[Black "Sarana, Alexey"]
[Result "1/2-1/2"]
[WhiteTitle "GM"]
[BlackTitle "GM"]
[WhiteElo "2694"]
[BlackElo "2693"]
[WhiteFideId "25092340"]
[BlackFideId "24133795"]
[EventDate "2023.09.04"]
[EventType "k.o."]

1. c4 e6 2. g3 d5 3. Bg2 Nf6 4. Nf3 Be7 5. O-O O-O 6. b3 c5 7. cxd5 Nxd5 8. Bb2
Nc6 9. d4 b6 10. dxc5 Bxc5 11. a3 Bb7 12. Nbd2 Be7 13. Rc1 Bf6 14. Qc2 Bxb2 15.
Qxb2 Qf6 16. Qxf6 gxf6 17. Nc4 Rfd8 18. Rfd1 b5 19. Nb2 b4 20. axb4 Ncxb4 21.
Na4 Nb6 22. Nc5 Bc6 23. Ne1 Bxg2 24. Kxg2 Rxd1 25. Rxd1 Rc8 26. Ned3 Nxd3 27.
Nxd3 Rc3 28. Ra1 Rxb3 29. Rxa7 Nd5 30. h4 Rc3 31. Ne1 Kg7 32. Nf3 Rc4 33. e3 h5
34. Nd4 Kg6 35. Ra8 Kg7 36. Ra5 Rb4 37. Kf3 Rb1 38. Ra7 Kg6 39. Ne2 Rb3 40. Rd7
Ra3 41. Rb7 Kg7 42. Nd4 Kg6 43. Ne2 Kg7 44. Ng1 Kg6 45. Nh3 Rc3 46. Kg2 Rc4 47.
Ra7 Rb4 48. Rd7 Ra4 49. Rb7 Rc4 50. Ra7 Rb4 51. Ng1 Rb2 52. Kf3 Nc3 53. Nh3 Nd5
54. e4 Rb3+ 55. Kg2 Nc3 56. Nf4+ Kh6 57. Rxf7 Nxe4 58. f3 Rb2+ 59. Kg1 Rb1+ 60.
Kg2 Rb2+ 61. Kg1 Rb1+ 62. Kh2 Rb2+ 63. Kg1 1/2-1/2

[Event "chess.com SpeedChess 2023"]
[Site "chess.com INT"]
[Date "2023.09.06"]
[Round "1.12"]
[White "Sarana, Alexey"]
[Black "Nihal, Sarin"]
[Result "0-1"]
[WhiteTitle "GM"]
[BlackTitle "GM"]
[WhiteElo "2693"]
[BlackElo "2694"]
[WhiteFideId "24133795"]
[BlackFideId "25092340"]
[EventDate "2023.09.04"]
[EventType "k.o."]

1. d4 d5 2. c4 e6 3. Nf3 Nf6 4. Nc3 h6 5. Bf4 Bd6 6. Bxd6 Qxd6 7. e3 O-O 8. Rc1
Qe7 9. Bd3 dxc4 10. Bxc4 Rd8 11. O-O c5 12. Re1 Nc6 13. a3 a6 14. Ba2 b5 15. Qc2
cxd4 16. Nxb5 axb5 17. Qxc6 Bb7 18. Qc5 Qxc5 19. Rxc5 Bxf3 20. gxf3 b4 21. exd4
bxa3 22. Rb5 axb2 23. Rxb2 Rxd4 24. h3 g5 25. Kh2 Kg7 26. Re3 Nh5 27. Bxe6 fxe6
28. Rxe6 Nf6 29. Rb7+ Kg6 30. Ree7 Rd2 31. Rg7+ Kh5 32. Kg3 Raa2 33. h4 Rxf2 34.
hxg5 hxg5 0-1

[Event "chess.com SpeedChess 2023"]
[Site "chess.com INT"]
[Date "2023.09.06"]
[Round "1.13"]
[White "Nihal, Sarin"]
[Black "Sarana, Alexey"]
[Result "1/2-1/2"]
[WhiteTitle "GM"]
[BlackTitle "GM"]
[WhiteElo "2694"]
[BlackElo "2693"]
[WhiteFideId "25092340"]
[BlackFideId "24133795"]
[EventDate "2023.09.04"]
[EventType "k.o."]

1. Nf3 d5 2. d4 Nf6 3. c4 e6 4. Nc3 Nbd7 5. Bg5 h6 6. Bh4 c6 7. e3 g5 8. Bg3 Nh5
9. Qc2 Nxg3 10. hxg3 Bg7 11. cxd5 exd5 12. Bd3 Nb6 13. O-O-O Be6 14. Ne5 Qe7 15.
f4 O-O-O 16. Kb1 Kb8 17. Na4 Nxa4 18. Qxa4 Bc8 19. Rhe1 Rhe8 20. Qc2 f6 21. Nf3
Qd6 22. Bf5 Re7 23. Bxc8 Rxc8 24. Re2 Rce8 25. Rde1 Qd7 26. e4 dxe4 27. Rxe4
Rxe4 28. Rxe4 Rxe4 29. Qxe4 f5 30. Qd3 Qd5 31. fxg5 hxg5 32. Nxg5 Bxd4 33. Nf3
c5 34. Nxd4 cxd4 35. Qf3 Qe4+ 36. Kc1 Kc7 37. Kd2 Kd6 38. g4 Qxg4 39. Qxb7 Qf4+
40. Kd3 Qe3+ 41. Kc4 Qe2+ 42. Kxd4 Qd2+ 43. Kc4 Qc2+ 44. Kd4 Qd2+ 45. Kc4 Qc2+
46. Kd4 Qd2+ 1/2-1/2

[Event "chess.com SpeedChess 2023"]
[Site "chess.com INT"]
[Date "2023.09.06"]
[Round "1.14"]
[White "Sarana, Alexey"]
[Black "Nihal, Sarin"]
[Result "1-0"]
[WhiteTitle "GM"]
[BlackTitle "GM"]
[WhiteElo "2693"]
[BlackElo "2694"]
[WhiteFideId "24133795"]
[BlackFideId "25092340"]
[EventDate "2023.09.04"]
[EventType "k.o."]

1. c4 e6 2. Nc3 d5 3. d4 h6 4. Bf4 Nf6 5. e3 Bd6 6. Bxd6 Qxd6 7. Rc1 O-O 8. cxd5
Nxd5 9. Nf3 b6 10. Nxd5 exd5 11. Qc2 c6 12. Bd3 Be6 13. O-O Rc8 14. Rfd1 Nd7 15.
h3 Rc7 16. Qa4 c5 17. Qa3 Rd8 18. Bb5 Nf6 19. b3 Rdc8 20. Ba6 Rd8 21. Rc2 Bf5
22. Bd3 Bxd3 23. Rxd3 c4 24. Qxd6 Rxd6 25. bxc4 dxc4 26. Ra3 b5 27. Ne5 Nd5 28.
Ra5 a6 29. a4 f6 30. axb5 axb5 31. Nf3 b4 32. Nd2 c3 33. Nb3 Nb6 34. Rb5 Nd5 35.
e4 Nf4 36. Rxb4 Nd3 37. Rb8+ Kh7 38. Kf1 Ra6 39. Ke2 Nf4+ 40. Kf3 Nd3 41. Ke3
Ne1 42. Rc1 Nxg2+ 43. Kf3 Nh4+ 44. Kg3 Ng6 45. Nc5 Ra3 46. f3 Ne7 47. Ne6 Rca7
48. d5 Ng6 49. h4 h5 50. Rc8 c2 51. R1xc2 Ne5 52. R2c3 Ra1 53. Nf8+ Kh6 54. Ne6
Rg1+ 55. Kf2 1-0

[Event "chess.com SpeedChess 2023"]
[Site "chess.com INT"]
[Date "2023.09.06"]
[Round "1.15"]
[White "Nihal, Sarin"]
[Black "Sarana, Alexey"]
[Result "1-0"]
[WhiteTitle "GM"]
[BlackTitle "GM"]
[WhiteElo "2694"]
[BlackElo "2693"]
[WhiteFideId "25092340"]
[BlackFideId "24133795"]
[EventDate "2023.09.04"]
[EventType "k.o."]

1. d4 d5 2. Nf3 c6 3. Bf4 Bf5 4. e3 e6 5. c4 Nd7 6. Nc3 Ngf6 7. Qb3 Qb6 8. c5
Qxb3 9. axb3 a6 10. h3 Be7 11. b4 Rc8 12. Nd2 Bc2 13. Rc1 Bg6 14. Nb3 Bd8 15.
Na5 Bxa5 16. bxa5 Ne4 17. f3 Nef6 18. Ra1 Kd8 19. g4 Re8 20. Kd2 h6 21. Be2 e5
22. Bg3 Re7 23. h4 Ne8 24. Na4 f6 25. Nb6 Nxb6 26. axb6 h5 27. Rag1 hxg4 28.
fxg4 Be4 29. Rh2 exd4 30. exd4 Kd7 31. Bxa6 Kd8 32. Be2 Ra8 33. g5 fxg5 34. hxg5
g6 35. Bg4 Rf7 36. Rh8 Ra4 37. Be5 Ke7 38. b3 Rf2+ 39. Ke3 Raa2 40. Rh7+ Kf8 41.
Rxb7 Bf5 42. Rh1 Bxg4 43. Rh8# 1-0